[Event "Stuttgarter SF 1 - SG Schwäbisch Gmünd 1"]
[Site "Oberliga Württemberg 2018/2019"]
[Date "2019.01.13"]
[Round "5"]
[White "Reindl, Arno"]
[Black "Hofmann, Martin"]
[Result "0-1"]
[WhiteElo "1954"]
[BlackElo "2163"]
[Annotator ""]
[Source ""]
[Remark ""]

1.e4 c5 2.Nf3 e6 3.d3 Nc6 4.Nbd2 Be7 5.g3 Bf6 6.Bg2 Nge7 7.O-O
Qc7 8.Re1 d6 9.Nf1 Bd7 10.c3 Ne5 11.d4 Nxf3+ 12.Bxf3 O-O 13.Be3
Rfd8 14.Rc1 Rac8 15.h4 Qa5 16.Bd2 Nc6 17.a3 cxd4 18.cxd4 Qb6
19.d5 exd5 20.exd5 Ne5 21.Bc3 Ba4 22.Qxa4 Nxf3+ 23.Kg2 Nxe1+
24.Rxe1 Bxc3 25.bxc3 Qc5 26.Rd1 b5 27.Qa5 Re8 28.Ne3 h6 29.Rb1
Rb8 30.a4 a6 31.Qxa6 bxa4 32.Qxa4 Qxc3 33.Qd7 Qe5 34.Rxb8 Rxb8
35.Kh3 Qf6 36.Nf5 Kf8 37.g4 Rd8 38.Qc7 h5 39.f3 g6 40.Ng3 hxg4+
41.Kxg4 Ra8 42.Qc6 Ra3 43.f4 Qe7 44.Qc8+ Kg7 45.h5 Qe3 46.h6+
Kh7 0-1

[Event "Stuttgarter SF 1 - SG Schwäbisch Gmünd 1"]
[Site "Oberliga Württemberg 2018/2019"]
[Date "2019.01.13"]
[Round "5"]
[White "Fritsch, Rolf"]
[Black "Kasüschke, Lars"]
[Result "1/2-1/2"]
[WhiteElo "2127"]
[BlackElo "1982"]
[Annotator ""]
[Source ""]
[Remark ""]

1.d4 Nf6 2.Nf3 d5 3.Bg5 e6 4.e3 Be7 5.Bd3 Nbd7 6.Nbd2 b6 7.Ne5
Nxe5 8.dxe5 Nd7 9.Bxe7 Qxe7 10.f4 Nc5 11.Be2 Bb7 12.b4 Nd7 13.a3
c5 14.c3 a5 15.Rb1 axb4 16.axb4 O-O 17.O-O Ra3 18.Qc1 Rfa8 19.Bb5
Ra2 20.Rb2 h6 21.Qc2 R2a3 22.Nb3 Ba6 23.Bxa6 R3xa6 24.Nd2 Ra4
25.Rfb1 R8a7 26.e4 Ra3 27.exd5 exd5 28.Qd3 cxb4 29.Rxb4 Qc5+
30.Qd4 Rxc3 31.Nb3 Qxd4+ 32.Rxd4 Ra3 33.Rxd5 Raxb3 34.Rxb3 Rxb3
35.Rxd7 Rb4 36.g3 Rb2 37.f5 Rb5 38.e6 fxe6 39.fxe6 Re5 40.Rd8+
Kh7 41.Rd6 b5 42.Kf2 Kg6 1/2-1/2

[Event "Stuttgarter SF 1 - SG Schwäbisch Gmünd 1"]
[Site "Oberliga Württemberg 2018/2019"]
[Date "2019.01.13"]
[Round "5"]
[White "Pohl, Walter"]
[Black "Gabriel, Josef"]
[Result "0-1"]
[WhiteElo "2029"]
[BlackElo "2042"]
[Annotator ""]
[Source ""]
[Remark ""]

1.e4 g6 2.d4 Bg7 3.Nc3 d6 4.Be3 a6 5.Qd2 Nd7 6.f3 b5 7.h4 h5
8.O-O-O Nb6 9.Nh3 Rb8 10.Kb1 c6 11.Qf2 Nc4 12.Bc1 Qa5 13.Ng5
Nf6 14.e5 {(=)} dxe5 15.dxe5 Nxe5 16.Re1 b4 17.Nce4 Nd5 18.f4
Ng4 19.Qa7 O-O 20.Qxb8 b3 21.Qxb3 Qxe1 22.Qg3 {(=)} Qb4 23.c3
Qb6 24.Bc4 Bf5 25.Re1 Nxc3+ 26.Ka1 Nxe4 27.Nxe4 Qd4 28.Nd2 Bh6
29.Qb3 e6 30.Nf3 Qd6 31.Rd1 Qc7 32.g3 Rb8 33.Qa3 Bg7 34.Bb3 Qb6
35.Ng5 Ne3 36.Rd2 Bf8 37.Qa4 Qc5 38.Bc4 Nxc4 39.Rd7 Nb6 0-1

[Event "Stuttgarter SF 1 - SG Schwäbisch Gmünd 1"]
[Site "Oberliga Württemberg 2018/2019"]
[Date "2019.01.13"]
[Round "5"]
[White "Zeiler, Klaus"]
[Black "Bader, Gerd"]
[Result "1/2-1/2"]
[WhiteElo "1981"]
[BlackElo "2026"]
[Annotator ""]
[Source ""]
[Remark ""]

1.d4 d6 2.Nf3 g6 3.c4 Bg7 4.Nc3 Nd7 5.e3 e5 6.Be2 Ngf6 7.b4 O-O
8.O-O Re8 9.a4 e4 10.Nd2 h5 11.Qc2 Qe7 12.Ba3 Nf8 13.Nd5 Nxd5
14.cxd5 Bf5 15.Rfc1 Rec8 16.b5 Nh7 17.Bb4 Nf6 18.Qb3 h4 19.a5
h3 20.g3 Bg4 21.Bf1 Qd7 22.b6 cxb6 23.axb6 a6 24.Ba3 Bf8 25.Rc7
Rxc7 26.bxc7 Qxc7 27.Rc1 Qd7 28.Nc4 Nxd5 29.Na5 Be6 30.Qxb7 Qxb7
31.Nxb7 Rb8 32.Na5 Rb6 33.Nc4 Rc6 34.Nd2 Rxc1 35.Bxc1 a5 36.Nxe4
Be7 37.Bb2 1/2-1/2

[Event "SC Weiler im Allgäu 1 - Heilbronner SV 1"]
[Site "Oberliga Württemberg 2018/2019"]
[Date "2019.01.13"]
[Round "5"]
[White "Zuferi, Enis"]
[Black "Henrichs, Thomas"]
[Result "1/2-1/2"]
[WhiteElo "2328"]
[BlackElo "2444"]
[Annotator ""]
[Source ""]
[Remark ""]

1.d4 Nf6 2.Nf3 e6 3.c4 d5 4.Nc3 Bb4 5.cxd5 exd5 6.Bf4 Ne4 7.Rc1
Nc6 8.e3 g5 9.Bg3 h5 10.h3 Qe7 11.Bh2 Bf5 12.Bd3 Rh6 13.a3 Bxc3+
14.bxc3 Qxa3 15.Qc2 Nb4 16.cxb4 Rc6 17.O-O Rxc2 18.Bxc2 g4 19.Nh4
Nc3 20.Ra1 Ne2+ 21.Kh1 Qxa1 22.Rxa1 Bxc2 23.Bxc7 Rc8 24.Be5 a6
25.Ra5 Nc3 26.hxg4 hxg4 27.Kh2 Kd7 28.Kg3 f6 29.Bf4 Rg8 30.Kh2
Rh8 31.Rc5 Rc8 32.Ra5 Bd3 33.Ra3 Ke6 34.f3 gxf3 35.gxf3 Bh7 36.Kg2
Nb5 37.Rb3 Rc2+ 38.Kg3 Nc3 39.Bh6 Bd3 40.Bf8 Ne2+ 41.Kg4 Nc1
42.Ra3 Rc8 43.Bc5 Rg8+ 44.Kh3 Bf1+ 45.Kh2 Ne2 46.Ra1 Ng3 47.Ng2
Bxg2 48.Kxg2 Ne4+ 49.Kf1 Nd2+ 50.Kf2 Rh8 51.Kg3 Kf5 52.Re1 Rg8+ 1/2-1/2

[Event "SC Weiler im Allgäu 1 - Heilbronner SV 1"]
[Site "Oberliga Württemberg 2018/2019"]
[Date "2019.01.13"]
[Round "5"]
[White "Balacek, Tadeas"]
[Black "Schmidt, Tobias"]
[Result "1/2-1/2"]
[WhiteElo "2289"]
[BlackElo "2230"]
[Annotator ""]
[Source ""]
[Remark ""]

1.d4 e6 2.Bf4 Nf6 3.e3 d5 4.Nf3 c5 5.Nbd2 Nc6 6.c3 Bd6 7.Bg3
Bxg3 8.hxg3 Qd6 9.Bb5 Bd7 10.Qc2 h6 11.Bxc6 Bxc6 12.Ne5 Rf8 13.O-O
O-O-O 14.b4 c4 15.a4 Be8 16.e4 Nd7 17.Nxd7 Qxd7 18.Rfe1 f6 19.exd5
exd5 20.Re3 Bh5 21.Rae1 Rde8 22.Nf1 Rxe3 23.Rxe3 Bg4 24.Re1 Be6
25.a5 Re8 26.Ne3 Bf5 27.Qe2 Bg4 28.Qd2 Be6 29.Re2 Bf7 30.Qc2
Re4 31.f3 Re8 32.Kf2 Bh5 33.g4 Bf7 34.Qf5 Be6 35.Qg6 Kd8 36.Qh5
Re7 37.Qh2 Kc8 38.Qf4 Qc7 39.Qxc7+ Rxc7 40.Nf5 Bxf5 41.gxf5 Kd7
42.b5 Rc8 43.Kg3 1/2-1/2

[Event "SC Weiler im Allgäu 1 - Heilbronner SV 1"]
[Site "Oberliga Württemberg 2018/2019"]
[Date "2019.01.13"]
[Round "5"]
[White "Pogan, Nikolas"]
[Black "Gregor, Jiri"]
[Result "1-0"]
[WhiteElo "2242"]
[BlackElo "2195"]
[Annotator ""]
[Source ""]
[Remark ""]

1.d4 d5 2.c4 e6 3.Nf3 Nf6 4.g3 Nbd7 5.Bg2 Be7 6.O-O O-O 7.Qc2
a6 8.Nbd2 c5 9.Rd1 b5 10.cxd5 Nxd5 11.dxc5 Nxc5 12.a3 Bb7 13.e4
Nf6 14.e5 Nd5 15.Ne4 Nxe4 16.Qxe4 h6 17.Bf1 Qb6 18.Bd3 f5 19.Qe1
Rad8 20.Bf1 Rd7 21.Bd2 Bc5 22.Bg2 f4 23.b4 Be7 24.Qe2 fxg3 25.hxg3
Rc8 26.Rac1 Rdc7 27.Qd3 Rxc1 {(=)} 28.Rxc1 Rxc1+ 29.Bxc1 Qc6
30.Bd2 Nb6 31.Qg6 Kf8 32.Ne1 Nd5 33.Nc2 Qc4 34.Qxe6 Qxc2 35.Bxd5
Bxd5 36.Qxd5 Qd1+ 37.Kg2 Bg5 38.Qa8+ Kf7 39.Bxg5 hxg5 40.Qf3+ 1-0

[Event "SC Weiler im Allgäu 1 - Heilbronner SV 1"]
[Site "Oberliga Württemberg 2018/2019"]
[Date "2019.01.13"]
[Round "5"]
[White "Hasenohr, Benedict"]
[Black "Degenhard, Simon"]
[Result "1-0"]
[WhiteElo "2260"]
[BlackElo "2206"]
[Annotator ""]
[Source ""]
[Remark ""]

1.d4 Nf6 2.c4 e6 3.Nc3 d5 4.cxd5 Nxd5 5.e4 Nxc3 6.bxc3 c5 7.Rb1
Be7 8.Nf3 O-O 9.h4 cxd4 10.cxd4 Nc6 11.Bc4 b6 12.h5 Bb7 13.Bb2
Rc8 14.Bd3 Nb4 15.Rh3 Nxd3+ 16.Qxd3 f5 17.Qb3 Qd6 18.d5 fxe4
19.Rg3 Bf6 20.dxe6 Bd5 21.Bxf6 Rxf6 22.Qb2 Qxe6 23.Ne5 Rc7 24.Rd1
Rf5 25.Ng4 Rcf7 26.h6 g6 27.Kf1 Rf4 28.Kg1 g5 29.Ne3 1-0

[Event "SC Weiler im Allgäu 1 - Heilbronner SV 1"]
[Site "Oberliga Württemberg 2018/2019"]
[Date "2019.01.13"]
[Round "5"]
[White "Timagin, Piotr"]
[Black "Wunder, Niklas"]
[Result "1-0"]
[WhiteElo "2299"]
[BlackElo "2076"]
[Annotator ""]
[Source ""]
[Remark ""]

1.e4 e5 2.Nf3 Nc6 3.Bb5 Nf6 4.d3 Bc5 5.O-O Nd4 6.Ba4 Nxf3+ 7.Qxf3
O-O 8.Nc3 c6 9.Bb3 Kh8 10.Be3 Be7 11.h3 d6 12.d4 Be6 13.Rad1
Bxb3 14.axb3 Qc7 15.Rd2 Rad8 16.Rfd1 Rd7 17.Qf5 g6 18.Qf3 Kg7
19.g4 Rfd8 20.Qg3 h6 21.f3 b5 22.Qf2 b4 23.Ne2 exd4 24.Nxd4 c5
25.Ne2 d5 26.Bf4 Qb7 27.e5 Ng8 28.Ng3 c4 29.Be3 a6 30.Bb6 Rb8
31.Bd4 Kh7 32.f4 Bh4 33.f5 Re8 34.Rf1 Qc7 35.Qf3 Nf6 36.Re2 Bxg3
37.fxg6+ fxg6 38.Qxf6 Rde7 39.e6 Bd6 40.h4 Bc5 41.Bxc5 Qxc5+
42.Kg2 cxb3 43.cxb3 d4 44.Kh3 d3 45.Re5 Qd4 46.h5 Rg7 47.hxg6+
Rxg6 48.Qf7+ Rg7 49.Qf5+ Kg8 50.Re4 Qd8 51.Qe5 Rg5 52.e7 Qd7
53.Rf8+ Rxf8 54.exf8Q+ Kxf8 55.Qh8+ Kf7 56.Rf4+ Ke6 57.Qf6+ Kd5
58.Rd4+ 1-0

[Event "SC Weiler im Allgäu 1 - Heilbronner SV 1"]
[Site "Oberliga Württemberg 2018/2019"]
[Date "2019.01.13"]
[Round "5"]
[White "Srba, Milan"]
[Black "Tschlatscher, Thomas"]
[Result "1-0"]
[WhiteElo "2177"]
[BlackElo "2125"]
[Annotator ""]
[Source ""]
[Remark ""]

1.e4 e5 2.Nf3 Nc6 3.d4 exd4 4.Nxd4 Bb4+ 5.c3 Bc5 6.Bc4 Qf6 7.Be3
Qg6 8.O-O Ne5 9.Nd2 d5 10.exd5 Bh3 11.g3 O-O-O 12.Re1 Nxc4 13.Nxc4
Qe4 14.Qf3 Qxd5 15.Qxd5 Rxd5 16.b4 Be7 17.Bf4 g5 18.Be3 Bf6 19.a4
Ne7 20.a5 a6 21.Rac1 h6 22.Nb3 Nf5 23.Nc5 Re8 24.f3 Bg7 25.Kf2
Nxe3 26.Nxe3 Rd2+ 27.Re2 Rxe2+ 28.Kxe2 Bf5 29.g4 Bg6 30.Kf2 Be5
31.Nd5 Bxh2 32.Rh1 Bd6 33.Rxh6 Bxc5+ 34.bxc5 Re5 35.c4 Bd3 36.c6
bxc6 37.Rxc6 Bxc4 38.Nb6+ Kb7 39.Nxc4 Rd5 40.Rf6 Rc5 41.Nd2 Rxa5
42.Rxf7 Rd5 43.Ke3 a5 44.Rf5 c6 45.Nb3 1-0

[Event "SC Weiler im Allgäu 1 - Heilbronner SV 1"]
[Site "Oberliga Württemberg 2018/2019"]
[Date "2019.01.13"]
[Round "5"]
[White "Mages, Steffen"]
[Black "Wunder, Fabian"]
[Result "1-0"]
[WhiteElo "2108"]
[BlackElo "2035"]
[Annotator ""]
[Source ""]
[Remark ""]

1.d4 d6 2.Nf3 Bg4 3.e4 Nf6 4.Nbd2 e6 5.c3 c6 6.Bd3 Nbd7 7.h3
Bh5 8.O-O Be7 9.Re1 e5 10.Nf1 Qb6 11.Ng3 Bxf3 12.Qxf3 g6 13.Qe2
exd4 14.cxd4 Qxd4 15.Be3 Qb4 16.f4 O-O 17.a3 Qa5 18.b4 Qc7 19.Bd4
Rfe8 20.Rac1 Bf8 21.Qb2 Qd8 22.Rf1 Bg7 23.Kh1 Nb6 24.f5 c5 25.Bxf6
Bxf6 26.Qa2 Qe7 27.fxg6 hxg6 28.Ne2 Kg7 29.Rf3 Be5 30.Rcf1 Rf8
31.Nf4 Rac8 32.Qf2 cxb4 33.axb4 Rc7 34.Qg3 Bxf4 35.Qxf4 Qe5 36.Qe3
Nc4 37.Qf2 Nb6 38.Qa2 a6 39.Qf2 Nc8 40.Bb1 f6 41.Rd3 Rc6 42.Rd5
Qe7 43.Qg3 Qe6 44.b5 axb5 45.Rxb5 Rb6 46.Rxb6 Nxb6 47.e5 f5 48.exd6
Rf6 49.Rd1 Qd7 50.Ba2 Nc8 51.Qb3 Rxd6 52.Re1 Qd8 53.Qxb7+ Rd7
54.Qb3 Nd6 55.Rd1 Kh6 56.Qe3+ Kh7 57.Qe6 Re7 58.Rxd6 Qe8 59.Qd5
Re1+ 60.Kh2 Qe5+ 61.Qxe5 Rxe5 62.Bd5 Re7 63.Bf3 Kg7 64.Kg3 g5
65.Bh5 Ra7 66.Rg6+ Kh7 67.Rxg5 Ra5 68.Bg4 Ra3+ 69.Bf3 Ra5 70.Kf4
Kh6 71.Rxf5 Rxf5+ 72.Kxf5 1-0

[Event "SC Weiler im Allgäu 1 - Heilbronner SV 1"]
[Site "Oberliga Württemberg 2018/2019"]
[Date "2019.01.13"]
[Round "5"]
[White "Hosticka, Frantisek"]
[Black "Lahouel, Kim-Luca"]
[Result "1/2-1/2"]
[WhiteElo "2047"]
[BlackElo "1968"]
[Annotator ""]
[Source ""]
[Remark ""]

1.e4 e5 2.Bc4 Nc6 3.c3 Nf6 4.Qe2 Bc5 5.Nf3 O-O 6.Bb3 d5 7.d3
Bg4 8.h3 Bh5 9.Nbd2 Re8 10.O-O Bg6 11.g4 Qd7 12.Nh4 dxe4 13.dxe4
Rad8 14.Bc2 h5 15.Nf5 hxg4 16.hxg4 Bxf5 17.gxf5 Qc8 18.Kg2 Kf8
19.Bb3 Qd7 20.Bc2 Bd6 21.Rh1 Ke7 22.Nc4 Rg8 23.Kf1 Rh8 24.Rg1
Rdg8 25.Bg5 Ke8 26.Bxf6 gxf6 27.Rxg8+ Rxg8 28.Qh5 Qe7 29.Ne3
Qf8 30.Nd5 Qg7 31.Ke2 Ne7 32.Bb3 Nxd5 33.Bxd5 c6 34.Rg1 Qxg1
35.Qxf7+ Kd8 36.Qxg8+ Qxg8 37.Bxg8 Kc7 {(=)} 38.Kf3 Bf8 39.Kg4
Bh6 40.Kh5 Bg5 41.Kg6 Kd6 1/2-1/2

[Event "TG Biberach 1 - SF Deizisau 2"]
[Site "Oberliga Württemberg 2018/2019"]
[Date "2019.01.13"]
[Round "5"]
[White "Zeller, Frank"]
[Black "Sinz, Bernhard"]
[Result "1-0"]
[WhiteElo "2350"]
[BlackElo "2326"]
[Annotator ""]
[Source ""]
[Remark ""]

1.d4 d5 2.c4 e6 3.Nf3 c6 4.Nc3 Nf6 5.Bg5 dxc4 6.e4 b5 7.a4 Bb7
8.axb5 cxb5 9.Nxb5 Bxe4 10.Bxc4 Be7 11.O-O O-O 12.Ne5 Nc6 13.Nc3
Qc7 14.Bxf6 gxf6 15.Nxc6 Bxc6 16.d5 Bb7 17.Qe2 Kh8 18.dxe6 fxe6
19.Bxe6 Bd6 20.Qh5 Rae8 21.Rfe1 Be5 22.Bd5 Bxd5 23.Nxd5 Qg7 24.Rad1
Rb8 25.b4 Rb5 26.Rd3 Rg8 27.g3 Rd8 28.Nxf6 Qxf6 29.Rxd8+ Qxd8
30.Rxe5 Rb8 31.Rd5 Qe7 32.Qd1 Qxb4 33.Qa1+ Qb2 34.Rd8+ Kg7 35.Rd7+
Kg6 36.Qa6+ Rb6 37.Qd3+ Kf6 1-0

[Event "TG Biberach 1 - SF Deizisau 2"]
[Site "Oberliga Württemberg 2018/2019"]
[Date "2019.01.13"]
[Round "5"]
[White "Fischer, André"]
[Black "Foisor, Ovidiu-Doru"]
[Result "1/2-1/2"]
[WhiteElo "2236"]
[BlackElo "2327"]
[Annotator ""]
[Source ""]
[Remark ""]

1.e4 d5 2.exd5 Qxd5 3.Nc3 Qd6 4.d4 Nf6 5.Nf3 g6 6.Bc4 Bg7 7.h3
O-O 8.O-O a6 9.Re1 b5 10.Bd3 Bb7 11.a4 b4 12.Ne4 Nxe4 13.Bxe4
Bxe4 14.Rxe4 Nc6 15.Qd3 Qd5 16.c4 bxc3 17.bxc3 e5 18.Re1 Rfe8
19.Qe2 Qd7 20.Be3 exd4 21.Red1 d3 22.Rxd3 1/2-1/2

[Event "TG Biberach 1 - SF Deizisau 2"]
[Site "Oberliga Württemberg 2018/2019"]
[Date "2019.01.13"]
[Round "5"]
[White "Mack, Wolfgang"]
[Black "Fischer, Sebastian"]
[Result "1-0"]
[WhiteElo "2183"]
[BlackElo "2260"]
[Annotator ""]
[Source ""]
[Remark ""]

1.c4 f5 2.Nc3 Nf6 3.d4 e6 4.Nf3 Be7 5.h3 d5 6.Bf4 c6 7.e3 O-O
8.Qc2 Ne4 9.O-O-O Qa5 10.Kb1 Nd7 11.Ne5 Bf6 12.Nxd7 Bxd7 13.g4
g6 14.Nxe4 fxe4 15.g5 Bg7 16.h4 Rxf4 17.exf4 Rf8 18.f3 Rxf4 19.fxe4
Rxe4 20.h5 e5 21.hxg6 hxg6 22.Qh2 Bf5 23.Bd3 dxc4 24.Bxc4+ Kf8
25.Ka1 Qb4 26.Bd3 Rxd4 27.Bxf5 gxf5 28.Qh7 Rxd1+ 29.Rxd1 Qg4
30.Rf1 f4 31.Qg6 Qd7 32.Qc2 Qe7 33.Qf5+ Ke8 34.Rd1 1-0

[Event "TG Biberach 1 - SF Deizisau 2"]
[Site "Oberliga Württemberg 2018/2019"]
[Date "2019.01.13"]
[Round "5"]
[White "Bronznik, Valerij"]
[Black "Oberst, Thomas"]
[Result "1/2-1/2"]
[WhiteElo "2223"]
[BlackElo "2208"]
[Annotator ""]
[Source ""]
[Remark ""]

1.d4 Nf6 2.Nf3 b5 3.Bg5 Bb7 4.e3 a6 5.c4 bxc4 6.Bxc4 e6 7.O-O
Be7 8.Nbd2 O-O 9.Qb3 Bxf3 10.Nxf3 Nc6 11.Qc2 Nb4 12.Qe2 d5 13.Bb3
Ne4 14.Bxe7 Qxe7 15.a3 Nc6 16.Rfc1 Na5 17.Ba2 Nd6 18.Nd2 Nab7
19.Rc6 a5 20.Rac1 Rfc8 21.Bb1 a4 22.Bd3 Na5 23.R6c2 Ra7 24.Qh5
g6 25.Qh6 Rb8 26.h4 Nb3 27.Rd1 Nxd2 28.Rdxd2 Rab7 29.Qf4 Kg7
30.h5 g5 31.Qe5+ f6 32.Qg3 f5 33.f3 Kh6 34.Re2 1/2-1/2

[Event "TG Biberach 1 - SF Deizisau 2"]
[Site "Oberliga Württemberg 2018/2019"]
[Date "2019.01.13"]
[Round "5"]
[White "Birkenmaier, Rainer"]
[Black "Gustain, Marc"]
[Result "1/2-1/2"]
[WhiteElo "2035"]
[BlackElo "2124"]
[Annotator ""]
[Source ""]
[Remark ""]

1.d4 d5 2.Nf3 Nf6 3.c3 Bf5 4.Bf4 e6 5.e3 Bd6 6.Bg3 O-O 7.Bd3
Ne4 8.O-O Nxg3 9.hxg3 Bxd3 10.Qxd3 Nd7 11.e4 dxe4 12.Qxe4 c6
13.Nbd2 Nf6 14.Qe2 Qe7 15.Nc4 Rfd8 16.Rfe1 c5 17.Nxd6 Qxd6 18.Rad1
cxd4 19.Rxd4 Qb6 20.Red1 Rxd4 21.Rxd4 Rd8 22.Qd2 Rxd4 23.Qxd4
Qxd4 24.Nxd4 Ne8 25.Kf1 1/2-1/2

[Event "TG Biberach 1 - SF Deizisau 2"]
[Site "Oberliga Württemberg 2018/2019"]
[Date "2019.01.13"]
[Round "5"]
[White "Rempeli, Alex"]
[Black "Namyslo, Holger"]
[Result "1-0"]
[WhiteElo "2015"]
[BlackElo "2216"]
[Annotator ""]
[Source ""]
[Remark ""]

1.d4 d5 2.c4 e6 3.Nf3 Nf6 4.Nc3 c6 5.e3 Nbd7 6.Qc2 Bd6 7.Bd3
O-O 8.O-O dxc4 9.Bxc4 e5 10.h3 h6 11.Bb3 a6 12.Rd1 Qc7 13.Nh4
Re8 14.Nf5 Nf8 15.Nxd6 Qxd6 16.d5 e4 17.dxc6 Qxc6 18.Ba4 b5 19.Nd5
Qxc2 20.Nxf6+ gxf6 21.Bxc2 f5 22.Bd2 Be6 23.Ba5 Rec8 24.Rd2 Nd7
25.b3 Rc6 26.Rad1 Rac8 27.Bb1 Kg7 28.Kh2 Ne5 29.Kg3 Kf6 30.Rd8
Rc1 31.R8d2 Rg8+ 32.Kh2 Rgc8 33.Kg3 Rg8+ 34.Kh2 Rgc8 35.Bd8+
Kg6 36.Bb6 Rxd1 37.Rxd1 Nd7 38.Bd4 Nf6 39.f3 Rd8 40.Rc1 Bd5 41.Kg3
Nh5+ 42.Kf2 Ng7 43.Bxg7 Kxg7 44.Rd1 Rd6 45.fxe4 fxe4 46.Bxe4
Rf6+ 47.Bf3 Bxf3 48.gxf3 Rc6 49.Rd2 Rc5 50.f4 f6 51.Kf3 Kg6 52.Rd6
a5 53.Ra6 b4 54.e4 Rc3+ 55.Kg4 h5+ 56.Kh4 Rf3 57.f5+ Kg7 58.Kxh5
Rxh3+ 59.Kg4 Rh1 60.Rxa5 Kh6 61.e5 Rg1+ 62.Kf4 Rf1+ 63.Ke4 fxe5
64.Kxe5 Kg5 65.Kd4 Rf4+ 66.Kc5 Kxf5 67.Ra4 Ke6 68.Rxb4 Rf2 69.a4
Kd7 70.Rh4 Kc7 71.Rh7+ Kb8 72.a5 Rf5+ 73.Kb4 Rg5 74.Ka4 Rg4+
75.b4 Rg6 76.Rf7 Rh6 77.Re7 Rg6 78.Rf7 Rh6 79.Rf4 Rh1 80.Rf5
Rh6 81.Kb5 Kb7 82.a6+ Ka7 83.Rf7+ Ka8 84.Ka5 Kb8 85.b5 Rg6 86.Rf8+
Kc7 87.b6+ Kc6 88.b7 Rg5+ 89.Ka4 Rg4+ 90.Kb3 Rg3+ 91.Kc2 Rg2+
92.Kd3 1-0

[Event "TG Biberach 1 - SF Deizisau 2"]
[Site "Oberliga Württemberg 2018/2019"]
[Date "2019.01.13"]
[Round "5"]
[White "Schulze, Andreas"]
[Black "Brenner, Markus"]
[Result "1/2-1/2"]
[WhiteElo "2121"]
[BlackElo "2042"]
[Annotator ""]
[Source ""]
[Remark ""]

1.e4 c5 2.Nf3 e6 3.d4 cxd4 4.Nxd4 Nc6 5.Nb5 d6 6.a4 a6 7.N5a3
Nf6 8.Nc3 d5 9.exd5 exd5 10.Be2 Be7 11.O-O O-O 12.Bf3 Be6 {(=)}
13.Re1 Qd7 14.Bf4 Rad8 15.h3 Bb4 16.Bg5 Be7 17.Ne2 Ne5 18.Nc3
Nc6 19.Ne2 Ne5 20.Nc3 Nc6 1/2-1/2

[Event "SK Schmiden/Cannstatt 1 - SC Böblingen 1"]
[Site "Oberliga Württemberg 2018/2019"]
[Date "2019.01.13"]
[Round "5"]
[White "Gähwiler, Gabriel"]
[Black "Holzhäuer, Mathias"]
[Result "1-0"]
[WhiteElo "2436"]
[BlackElo "2252"]
[Annotator ""]
[Source ""]
[Remark ""]

1.d4 Nf6 2.c4 Nc6 3.Nf3 e6 4.Nc3 Bb4 5.Bd2 O-O 6.a3 Bxc3 7.Bxc3
Ne4 8.Qc2 Nxc3 9.Qxc3 a5 10.b3 d6 11.e3 Re8 12.Be2 e5 13.d5 Ne7
14.O-O Bg4 15.b4 c6 16.dxc6 bxc6 17.Rfd1 Qc7 18.Rac1 axb4 19.axb4
c5 20.h3 Bh5 21.g4 Bg6 22.b5 Ra2 23.Rd2 Rxd2 24.Qxd2 f6 25.Ra1
e4 26.Nh4 Bf7 27.Ra6 Rd8 28.Nf5 Nxf5 29.gxf5 d5 30.cxd5 Bxd5
31.b6 Qc8 32.Ra7 c4 33.Rc7 Qb8 34.Qb4 Kh8 35.Qe7 Rg8 36.Qc5 Rd8
37.b7 c3 38.Rc8 c2 39.Rxb8 1-0

[Event "SK Schmiden/Cannstatt 1 - SC Böblingen 1"]
[Site "Oberliga Württemberg 2018/2019"]
[Date "2019.01.13"]
[Round "5"]
[White "Trachtmann, Mark"]
[Black "Kuklin, Valentin"]
[Result "0-1"]
[WhiteElo "2253"]
[BlackElo "2332"]
[Annotator ""]
[Source ""]
[Remark ""]

1.d4 Nf6 2.c4 c5 3.d5 e6 4.Nc3 exd5 5.cxd5 d6 6.e4 g6 7.f4 Bg7
8.Bb5+ Nfd7 9.Bd3 Qh4+ 10.g3 Qd8 11.Nf3 O-O 12.O-O Nb6 13.Kg2
Bg4 14.h3 Bxf3+ 15.Qxf3 N8d7 16.a4 c4 17.Bc2 Nc5 18.a5 Nbd7 19.Ra3
{(=)} Re8 20.Nb5 Nf6 21.e5 dxe5 22.fxe5 Rxe5 23.d6 Qd7 24.Nc7
Rc8 25.Bf4 Qxd6 26.Nb5 Qe7 27.Bxe5 Qxe5 28.Qc3 Qe2+ 29.Kg1 Ng4
30.hxg4 Bxc3 31.Rxc3 Rd8 32.Rf2 Qxg4 33.Rcf3 Nd3 34.Bxd3 Rxd3
35.Rxd3 cxd3 36.Kg2 Qe4+ 37.Kg1 Qe3 38.Kg2 d2 39.Nc3 Qxc3 0-1

[Event "SK Schmiden/Cannstatt 1 - SC Böblingen 1"]
[Site "Oberliga Württemberg 2018/2019"]
[Date "2019.01.13"]
[Round "5"]
[White "Ortmann, David"]
[Black "Niklasch, Oliver"]
[Result "1-0"]
[WhiteElo "2310"]
[BlackElo "2227"]
[Annotator ""]
[Source ""]
[Remark ""]

1.d4 e6 2.Nf3 c5 3.c4 d5 4.cxd5 exd5 5.Nc3 Nc6 6.dxc5 d4 7.Na4
Bxc5 8.Nxc5 Qa5+ 9.Bd2 Qxc5 10.Rc1 Qb6 11.e3 Nf6 12.Bc4 O-O 13.O-O
Bg4 14.exd4 Rad8 15.Bc3 Rfe8 16.d5 Nb4 17.Bd4 Qd6 18.Qb3 Nbxd5
19.Bxf6 gxf6 20.Rfd1 1-0

[Event "SK Schmiden/Cannstatt 1 - SC Böblingen 1"]
[Site "Oberliga Württemberg 2018/2019"]
[Date "2019.01.13"]
[Round "5"]
[White "Krockenberger, Martin"]
[Black "Tran, Thanh Kien"]
[Result "1/2-1/2"]
[WhiteElo "2179"]
[BlackElo "2071"]
[Annotator ""]
[Source ""]
[Remark ""]

1.d4 Nf6 2.c4 g6 3.g3 Bg7 4.Bg2 d5 5.cxd5 Nxd5 6.Nf3 Nb6 7.Nc3
Nc6 8.e3 O-O 9.O-O Re8 10.Re1 a5 11.Qe2 Be6 12.b3 a4 13.Nxa4
Nxa4 14.bxa4 Rxa4 15.a3 Ra7 16.Bb2 Na5 17.Rac1 c6 18.Ng5 Bd5
19.e4 Bb3 20.Nf3 b5 21.Nd2 Bc4 22.Nxc4 Nxc4 23.e5 Qb6 24.Red1
e6 25.Rd3 Rd8 1/2-1/2

[Event "SK Schmiden/Cannstatt 1 - SC Böblingen 1"]
[Site "Oberliga Württemberg 2018/2019"]
[Date "2019.01.13"]
[Round "5"]
[White "Vujic, Branimir"]
[Black "Thoma, Christian"]
[Result "1-0"]
[WhiteElo "2263"]
[BlackElo "2168"]
[Annotator ""]
[Source ""]
[Remark ""]

1.d4 Nf6 2.Bf4 e6 3.e3 c5 4.Nd2 d5 5.c3 Nc6 6.Ngf3 cxd4 7.exd4
Nh5 8.Bg5 f6 9.Be3 Bd6 10.g3 O-O 11.Bg2 f5 12.Ne5 Qe8 13.f4 Nf6
14.O-O Ne4 15.c4 Nxd2 16.Qxd2 Ne7 17.b3 b6 18.Rfe1 Bxe5 19.fxe5
Bb7 20.Bg5 Rd8 21.Rac1 h6 22.Bxe7 Qxe7 23.c5 Rc8 24.b4 Ba6 25.a4
Bc4 26.Bf1 Bxf1 27.Rxf1 bxc5 28.bxc5 Qd7 29.Qa5 Rf7 30.Qb5 Qe7
31.Qa6 Rff8 32.Rb1 Kh7 33.Rb7 Qg5 34.Rf4 Qh5 35.Qxe6 Qd1+ 36.Kg2
Qxa4 37.Qd7 Qxd7 38.Rxd7 a5 39.Rxd5 a4 40.Rf3 Ra8 41.Ra3 Rfb8
42.c6 Rb2+ 43.Kf3 Rc2 44.Rc5 Rxc5 45.dxc5 Kg8 46.Kf4 g6 47.e6
Ra5 48.Rc3 Kf8 49.c7 Ra8 50.Ke5 Ke7 51.Kd5 Rc8 52.Kc6 1-0

[Event "SK Schmiden/Cannstatt 1 - SC Böblingen 1"]
[Site "Oberliga Württemberg 2018/2019"]
[Date "2019.01.13"]
[Round "5"]
[White "Eisele, Steffen"]
[Black "Schuh, Karsten"]
[Result "1/2-1/2"]
[WhiteElo "2235"]
[BlackElo "2172"]
[Annotator ""]
[Source ""]
[Remark ""]

1.e4 c5 2.Nf3 d6 3.Bb5+ Bd7 4.Bxd7+ Qxd7 5.O-O g6 6.c3 Bg7 7.d4
Nf6 8.Re1 cxd4 9.cxd4 d5 10.e5 Ne4 11.Nc3 Nxc3 12.bxc3 O-O 13.Ng5
f5 14.e6 Qc6 15.Qf3 Rf6 16.Ba3 h6 17.Nh3 Rxe6 18.Rxe6 Qxe6 19.Nf4
Qe4 20.Nxd5 Qxf3 21.gxf3 Nc6 22.Nxe7+ Nxe7 23.Bxe7 Rc8 24.d5
Kf7 25.Bb4 b6 26.Rb1 a5 27.Bd6 Rxc3 28.Rxb6 Rd3 29.Rb7+ Kg8 30.Rb5
a4 31.f4 Rd2 32.Be5 Bf8 33.Ra5 a3 34.d6 Bxd6 35.Bxd6 Rxd6 36.Rxa3
Rd4 37.Rf3 Kf7 38.Kg2 Kf6 {(=)} 39.Kg3 Ra4 40.a3 Ke6 41.Rb3 Kf6
42.h4 Kg7 43.f3 h5 44.Rd3 1/2-1/2

[Event "SK Schmiden/Cannstatt 1 - SC Böblingen 1"]
[Site "Oberliga Württemberg 2018/2019"]
[Date "2019.01.13"]
[Round "5"]
[White "Bauer, Peter"]
[Black "Löhr, Markus"]
[Result "0-1"]
[WhiteElo "2132"]
[BlackElo "2125"]
[Annotator ""]
[Source ""]
[Remark ""]

1.e4 c6 2.d4 d5 3.e5 c5 4.dxc5 e6 5.a3 Nc6 6.Nf3 Bxc5 7.b4 Bb6
8.Bd3 Nge7 9.Bb2 Ng6 10.g3 O-O 11.O-O f6 12.exf6 gxf6 13.c4 dxc4
14.Bxc4 Kg7 15.Qb3 e5 16.Rd1 Qe8 17.Re1 Nge7 18.Nbd2 Qh5 19.Re4
Bf5 20.Rae1 Bxe4 21.Rxe4 Nf5 22.Be2 Qf7 23.Bc4 Qc7 24.Rg4+ Kh8
25.Bd3 Ncd4 26.Qd1 Rad8 27.Qb1 Qd7 28.Ne1 Rg8 29.Rxg8+ Kxg8 30.Ne4
Kg7 31.Qd1 Ne7 32.Qh5 0-1

[Event "SK Schmiden/Cannstatt 1 - SC Böblingen 1"]
[Site "Oberliga Württemberg 2018/2019"]
[Date "2019.01.13"]
[Round "5"]
[White "Cummings, Orlyn"]
[Black "Schröter, Samuel"]
[Result "0-1"]
[WhiteElo "1916"]
[BlackElo "2141"]
[Annotator ""]
[Source ""]
[Remark ""]

1.e4 g6 2.d4 Bg7 3.Nc3 c5 4.Nf3 cxd4 5.Nxd4 Nc6 6.Be3 Nf6 7.Bc4
O-O 8.f3 a6 9.Qd2 Na5 10.Bb3 b5 11.O-O-O Bb7 12.g4 Rc8 13.h4
Nc4 14.Bxc4 Rxc4 15.h5 Qc7 16.g5 Nxh5 17.Rxh5 gxh5 18.Nf5 d6
19.g6 hxg6 20.Nxg7 Kxg7 21.Bh6+ Kg8 22.Bxf8 Kxf8 23.Qh6+ Kg8
24.Rd2 Qc8 25.Qg5 Qe6 26.Rh2 Rc5 27.Qd2 Bc6 28.Kb1 Qc4 29.Rh1
d5 30.exd5 Bxd5 31.Nxd5 Rxd5 32.Qe3 Qd4 33.Qe1 Qd2 0-1